Municipalities in Skåne County, Sweden - Statistics

General Stats
  • This quiz has been taken 18 times
  • The average score is 20 of 33
Answers on the Map
Answers color-coded by a green-red scale on the quiz's map according to % correct below.
 
Answer Stats
Answer % Correct
Malmö
100%
Trelleborg
100%
Lund
91%
Ystad
91%
Helsingborg
82%
Hässleholm
73%
Höör
73%
Kristianstad
73%
Ängelholm
64%
Båstad
64%
Burlöv
64%
Höganäs
64%
Hörby
64%
Klippan
64%
Landskrona
64%
Lomma
64%
Staffanstorp
64%
Vellinge
64%
Eslöv
55%
Kävlinge
55%
Simrishamn
55%
Sjöbo
55%
Svalöv
55%
Åstorp
45%
Bromölla
45%
Örkelljunga
45%
Perstorp
45%
Skurup
45%
Svedala
45%
Tomelilla
45%
Bjuv
36%
Osby
36%
Östra Göinge
36%
No matching quizzes found
Score Distribution
Percent of People with Each Score
Percentile by Number Answered
Your Score History
You have not taken this quiz